| 000 | 01011nam a2200265Ia 4500 | ||
|---|---|---|---|
| 003 | GCL | ||
| 008 | 140319s9999 xx 000 0 ara d | ||
| 040 |
_aGCL / _cGCL |
||
| 082 | 0 | 4 |
_a362.042 _bم و |
| 100 | 1 | _aمصطفى عمر التير | |
| 245 | 1 | 0 |
_aالوجه الاخر للسلوك : _bقراءات في مظاهر الانحراف الاجتماعى / _cمصطفى عمر التير |
| 250 | _aالاولى | ||
| 260 |
_aليبيا : _bمعهد الانتماء العربى ، _c1990 |
||
| 300 |
_a431 ؛ _c24 سم |
||
| 490 |
_aمعهد الدراسات العربي الدراسات الاجتماعية _v0 |
||
| 650 | 0 | 4 | _aادمان المخدرات |
| 650 | 0 | 4 | _aالجريمة |
| 650 | 0 | 4 | _aالسلوك الاجتماعى |
| 650 | 0 | 4 | _aالكحول |
| 650 | 0 | 4 | _aالمشاكل الاجتماعية |
| 650 | 0 | 4 | _aالكحول - تأثيره على الجسم |
| 650 | 0 | 4 | _aالجريمة والمجرمون - ليبيا |
| 650 | 0 | 4 | _aالعنف - ليبيا |
| 942 |
_2ddc _cBK |
||
| 999 |
_c6044 _d6044 |
||